Orfeův návrat /

Uložené v:
Podrobná bibliografia
Hlavný autor: Emmanuel, Pierre, 1916-1984 (Author)
Ďalší autori: Pokorný, Jindřich, 1927- (Translator)
Médium: Kniha
Jazyk:Czech
French
Vydané: Praha : Vyšehrad, 1972.
Vydanie:1. vyd.
ISBN: (brož.)
Fyzický popis: 119 s.
Tagy: Pridať tag
Žiadne tagy, Buďte prvý kto otaguje tento záznam!

MARC

LEADER 00000nam a2200000 a 4500
001 000423321
005 20130623203502.0
008 120202s1972 xr cze d
020 |a (brož.)  |c Kčs 10,00 
040 |a SVKKK  |b slo  |c SVKKK  |e AACR2 
041 1 |a cze  |h fre 
044 |a xr  |c CZ 
100 1 |a Emmanuel, Pierre,  |d 1916-1984  |4 aut 
245 1 0 |a Orfeův návrat /  |c Pierre Emmanuel ; prel.: Jindřich Pokorný. 
250 |a 1. vyd. 
260 |a Praha :  |b Vyšehrad,  |c 1972. 
300 |a 119 s. 
700 1 |a Pokorný, Jindřich,  |d 1927-  |4 trl 
910 |a svkkk 
998 |a BK 
090 |g SCKHL  |k Sklad Hlavná 10 suterén  |a I.40721  |j 480146  |i 2720462283  |s Absenčne